Statystyki dla Zgadnij rok powstania gry

Kliknij tutaj aby rozwiązać quiz!

Ogólne statystyki

  • Ten quiz został rozwiązany 317 razy
  • Średni wynik to 6 z 7

Statystyki odpowiedzi

Gra:Rok:% Poprawnych
Minecraft2009
97%
Fortnite2016
94%
Brawl stars2017
89%
Among us2018
89%
Roblox2004
88%
Angry birds2009
80%
Super mario bros1985
74%

Rozkład punktacji

Percentyl według liczby udzielonych odpowiedzi

Procent ludzi z każdym wynikiem

Twoja historia wyników

Nie rozwiązałeś tego quizu